00670nam a2200229Ia 4500003000900000008004100009040001300050040001300063041000800076100002000084245004900104250001100153260001100164260000900175300001100184300001000195490002200205490000700227942000700234999001700241952018200258IT-RoPAU120407s9999 xx 000 0 und d aIT-RoPAU cIT-RoPAU aita aRomanò€ Angelo aPoeti minori del secondo Ottocento italiano  aParma  aGuanda c1955 a418 p. c23 cm aCollezione Fenice v29 cBK c34351d34351 00102ddc406808_62900000000000071aPAULUSbPAULUSd2012-04-11l0o808.629r2012-04-11 00:00:00w2012-04-11yBKzInserito da: In data: n.d. fondo: Via A.Severo 56 Progr:29389